Nákupný marketing vo vybranom podniku bakalárska práca

Guardado en:
Detalles Bibliográficos
Autor principal: Hološková, Patrícia
Autor Corporativo: Fakulta podnikového manažmentu EU. Katedra podnikovohospodárska
Otros Autores: Uhliar, Miroslav, 1981-
Formato: Libro
Lenguaje:eslovaco
Publicado: Bratislava 2017
Etiquetas: Agregar Etiqueta
Sin Etiquetas, Sea el primero en etiquetar este registro!

MARC

LEADER 00000nbm a2200000 4500
001 0232617
005 20171024101856.5
041 0 |a slo 
044 |a SK 
245 1 0 |a Nákupný marketing vo vybranom podniku  |b bakalárska práca  |c Patrícia Hološková ; školiteľ: Miroslav Uhliar 
264 1 |a Bratislava  |c 2017 
300 |a 45 s. 
100 1 |a Hološková, Patrícia 
700 1 |a Uhliar, Miroslav, 1981- 
710 2 |a Fakulta podnikového manažmentu EU. Katedra podnikovohospodárska